000 00528nam a2200181Ia 4500
003 IN-BaIIA
008 211028s9999 xx 000 0 eng d
040 _cIIA Library
080 _a521.1
_bSMA
100 _aSmart, W. M
_91092
245 0 _aCelestial mechanics
_cW. M Smart
260 _aLondon
_bLongmans, Green
_c1953
300 _avii, 381p.
650 _aAstrodynamic
_92683
650 _aAstronomy and astrophysics thesaurus
650 _aCelestial mechanics
942 _cBK
999 _c1299
_d1299